MARC

LEADER 00000nam0a2200000 4500
001 300790
005 20231102001333.0
035 |a (RuTPU)RU\TPU\book\325943 
090 |a 300790 
100 |a 20150716d1981 k y0rusy50 ca 
101 0 |a rus 
102 |a RU 
105 |a a z 001zy 
200 1 |a Проблемы воспроизводства капитала в условиях развитой государственно-монополистической экономики  |e сборник научных трудов  |f Ленинградский государственный педагогический институт им. А. И. Герцена (ЛГПИ) ; под ред. С. И. Иванова 
210 |a Ленинград  |c Изд-во ЛГПИ  |d 1981 
215 |a 162 с.  |c ил. 
320 |a Библиогр. в конце ст. 
606 1 |a Воспроизводство капиталистическое  |2 stltpush  |3 (RuTPU)RU\TPU\subj\3712  |9 32087 
610 1 |a капитал 
610 1 |a государственно-монополистический капитализм 
610 1 |a государственное влияние 
610 1 |a государственное вмешательство 
610 1 |a амортизационная политика 
610 1 |a гонка вооружений 
610 1 |a информационные процессы 
686 |a У013.527  |v LBC/SL-A  |2 rubbk 
702 1 |a Иванов  |b С. И.  |4 340 
712 0 2 |a Ленинградский государственный педагогический институт им. А. И. Герцена (ЛГПИ)  |2 stltpush  |3 (RuTPU)RU\TPU\col\8005 
801 1 |a RU  |b 63413507  |c 20150716 
801 2 |a RU  |b 63413507  |c 20190607  |g RCR 
942 |c BK